Statistiken für Auf 10 zählen in Europa

Klicken Sie hier um das Quiz zu spielen!

Allgemein

  • Dieses Quiz wurde 3.408 mal gespielt
  • Das Durchschnittsergebnis liegt bei 23 aus 30

Antwortstatistiken

Sprache#Wort% Korrekt
Englisch10Ten
99%
Englisch | Französisch6Six
99%
Englisch7Seven
99%
Englisch2Two
99%
Englisch1One
99%
Englisch9Nine
98%
Englisch8Eight
98%
Englisch5Five
98%
Englisch4Four
98%
Englisch3Three
98%
Französisch1Un
98%
Spanisch1Uno
93%
Spanisch3Tres
91%
Spanisch2Dos
88%
Französisch3Trois
74%
Französisch2Deux
74%
Französisch4Quatre
73%
Französisch5Cinq
69%
Französisch9Neuf
68%
Französisch7Sept
67%
Französisch10Dix
66%
Französisch8Huit
65%
Spanisch6Seis
53%
Spanisch8Ocho
52%
Spanisch5Cinco
50%
Spanisch9Nueve
48%
Spanisch7Siete
46%
Spanisch4Cuatro
45%
Spanisch10Diez
41%

Verteilung der Resultate

Perzentil nach korrekt beantworteten Fragen

Anzahl Personen mit jedem Resultat

Ihre Resultats-Entwicklung

Sie haben dieses Quiz noch nicht gespielt